00334nam a2200121Ia 4500008004100000041000800041082001700049100001600066245004500082260004900127300003100176365000500207240624s9999 xx 000 0 und d aeng a658.4092 ULR aULRICH DAVE aRESULTS BASED LEADERSHIP HOW LEADERS BUI c1999aBostonbHarvard Businesss School Press axiv, : 234 : p. : cm. ; 24 c